| 000 | 00526nam a2200193Ia 4500 | ||
|---|---|---|---|
| 003 | GCL | ||
| 008 | 140319s9999 xx 000 0 ara d | ||
| 040 |
_aGCL / _cGCL |
||
| 082 | 0 | 4 |
_a070.962 _bف ت |
| 100 | 1 | _aفيليب دى طرزى | |
| 245 | 1 | 0 |
_aتاريخ الصحافة العربية / _cفيليب دى طرزى |
| 260 |
_a[S.N] : _bدار صادر ، _c1913 |
||
| 300 | _aمتعدد الترقيم | ||
| 490 | _a | ||
| 650 | 0 | 4 | _aمصر |
| 650 | 0 | 4 | _aتاريخ |
| 650 | 0 | 4 | _aالصحافة |
| 942 |
_2ddc _cBK |
||
| 999 |
_c32138 _d32138 |
||